Statistiques concernant Pokémon - Les Pokémon avec une double résistance

Cliquez ici pour prendre le quiz!

Statistiques générales

  • Ce quiz a été pris 31 fois
  • Le résultat moyen est 157 sur 281

Statistiques - réponses

Type(s) résisté(s)Réponses% Correct
PlanteCizayox
85%
Plante / InsecteDracaufeu
85%
PlanteFlorizarre
85%
Normal / VolGalegon
85%
Normal / VolGalekid
85%
Normal / VolGaleking
85%
PlanteMéga-Cizayox
85%
Feu / PlanteMega-Dracaufeu X
85%
Plante / InsecteMéga-Dracaufeu Y
85%
Plante / CombatPapilusion
85%
Plante / InsecteAirmure
77%
PlanteBoustiflor
77%
PlanteBulbizarre
77%
PlanteChétiflor
77%
Plante / CombatDardargnan
77%
PlanteDracolosse
77%
PlanteDrattak
77%
PlanteEmpiflor
77%
PlanteFermite
77%
CombatGardevoir
77%
Plante / Glace / Fée / Insecte / AcierHeatran
77%
PlanteHerbizarre
77%
CombatKirlia
77%
Plante / CombatMéga-Dardargnan
77%
PlanteMéga-Drattak
77%
PlanteMéga-Florizarre
77%
CombatMéga-Gardevoir
77%
PlanteMystherbe
77%
PlanteOrtide
77%
Eau / FeuPalkia
77%
Feu / PlanteReshiram
77%
CombatTarsal
77%
Feu / Glace / AcierVolcanion
77%
PlanteAltaria
69%
Normal / VolAma-Ama
69%
Normal / VolBastiodon
69%
InsecteBraségali
69%
Plante / CombatBrutapode
69%
Plante / CombatCharmillon
69%
PlanteCheniselle (Déchet)
69%
Plante / SolCheniselle (Plante)
69%
InsecteChimpenfeu
69%
Insecte / RocheCobaltium
69%
Plante / CombatCoconfort
69%
Normal / VolDinoclier
69%
PlanteForetress
69%
InsecteGalifeu
69%
Feu / Glace / InsecteGortichon (isograisse)
69%
InsecteGrotichon
69%
Plante / InsecteHo-Oh
69%
Eau / FeuHyporoi
69%
GlaceKaimorse
69%
EauLombre
69%
Insecte / RocheLucario
69%
EauLudicolo
69%
CombatLugia
69%
InsecteMega-Braségali
69%
Eau / Electrik / PlanteMéga-Jungko
69%
Insecte / RocheMéga-Lucario
69%
PsyMéga-Métalosse
69%
PsyMétalosse
69%
PsyMétang
69%
EauNénupiot
69%
GlaceObalie
69%
Plante / CombatPapinox
69%
Plante / SolParas
69%
Plante / SolParasect
69%
GlacePhogleur
69%
PlanteRafflesia
69%
PoisonRhinastoc
69%
PoisonRhinoféros
69%
InsecteRoitiflam
69%
Plante / CombatScobolide
69%
InsecteSimiabraz
69%
Plante / InsecteSulfura
69%
Plante / CombatVenipatte
69%
ElectrikZekrom
69%
FeuAmonistar
62%
FeuAmonita
62%
PsyArchéodong
62%
PsyArchéomire
62%
Plante / CombatAspicot
62%
Feu / PlanteBoumata
62%
Plante / InsecteBraisillon
62%
CombatChovsourir
62%
Plante / InsecteCorvaillus
62%
Plante / SolCouverdure
62%
Plante / CombatCoxy
62%
Plante / CombatCoxyclaque
62%
GlaceCrustabri
62%
CombatCryptéro
62%
PlanteDialga
62%
Eau / Electrik / PlanteDratatin
62%
Insecte / PoisonEctoplasma
62%
PlanteEthernatos
62%
Insecte / PoisonFantominus
62%
Plante / InsecteFlambusard
62%
InsecteFunécire
62%
FeuGolgopathe
62%
PoisonGravalanch
62%
PlanteGrindur
62%
PoisonGrolem
62%
Eau / FeuHydragon
62%
Plante / CombatInsécateur
62%
FeuKabuto
62%
FeuKabutops
62%
GlaceLamantine
62%
Plante / SolLarveyette
62%
GlaceLokhlass
62%
InsecteLugulabre
62%
InsecteMagearna
62%
Vol / AcierMagnéti
62%
Vol / AcierMagnéton
62%
Vol / AcierMagnézone
62%
Plante / SolManternel
62%
Plante / CombatMaskadra
62%
Insecte / PoisonMéga-Ectoplasma
62%
ElectrikMéga-Pharamp
62%
PlanteMéga-Rayquaza
62%
RocheMéga-Steelix
62%
InsecteMélancolux
62%
Plante / CombatMigalos
62%
CombatMime Jr.
62%
Plante / CombatMimigal
62%
RocheMinotaupe
62%
CombatM. Mime
62%
AcierMotisma Chaleur
62%
ElectrikMotisma Tonte
62%
PsyNécrozma (Crinière du Couchant)
62%
PlanteNoacier
62%
Eau / Electrik / PlanteNoadkoko d'Alola
62%
PoisonOnix
62%
FeuOpermine
62%
Eau / Electrik / PlantePomdrapi
62%
PoisonRacaillou
62%
PlanteRayquaza
62%
PoisonRhinocorne
62%
PlanteRosélia
62%
PlanteRoserade
62%
PlanteRozbouton
62%
PsySolgaleo
62%
Insecte / PoisonSpectrum
62%
RocheSteelix
62%
PsyTerhal
62%
CombatTokopiyon
62%
PlanteTropius
62%
Eau / Electrik / PlanteVerpom
62%
InsecteZacian Epée Suprême
62%
Plante / CombatApireine
54%
Plante / CombatApitrini
54%
PoisonBacabouh
54%
Plante / InsecteBamboiselle
54%
InsecteBrutalibré
54%
FeuCarapagos
54%
InsecteDimoclès
54%
InsecteExagide
54%
CombatGalopa de Galar
54%
ElectrikGalvagon
54%
PlanteGaulet
54%
PlanteGenesect
54%
PoisonGolemastoc
54%
PoisonGringolem
54%
Eau | GlaceHydragla
54%
PlanteKatagami
54%
PlanteLançargot
54%
PlanteMandrillon
54%
InsecteMéga-Mysdibule
54%
FeuMégapagos
54%
InsecteMonorpale
54%
FeuMonthracite
54%
InsecteMysdibule
54%
CombatNatu
54%
InsecteOssatueur d'Alola
54%
Plante / CombatPapilord
54%
Glace / AcierPingoléon
54%
Plante / CombatPrismillon
54%
PlantePyrax
54%
PlantePyronille
54%
FeuRelicanth
54%
CombatRhinolove
54%
CombatSorcilence
54%
Normal / VolTarinorme
54%
PoisonTrépassable
54%
PlanteTrompignon
54%
InsecteTrousselin
54%
PoisonTutafeh de Galar
54%
PoisonTutétékri
54%
FeuVolcaropod
54%
FeuWagomine
54%
CombatXatu
54%
Plante / CombatYanma
54%
Plante / CombatYanmega
54%
Insecte / RocheZamazenta Bouclier Suprême
54%
PoisonZéroïd
54%
Plante / CombatAéromite
46%
TénèbresAngoliath
46%
PlanteBruyverne
46%
InsecteCoatox
46%
InsecteCradopaud
46%
GlaceDarumacho de Galar
46%
TénèbresFourbelin
46%
VolGravalanch d'Alola
46%
PlanteGrillepattes
46%
TénèbresGrimalin
46%
PsyJirachi
46%
RocheLimonde de Galar
46%
InsecteMimiqui
46%
Plante / CombatMimitoss
46%
Plante / Insecte / CombatNosferalto
46%
Plante / Insecte / CombatNosferapti
46%
Plante / Insecte / CombatNostenfer
46%
TénèbresPandarbare
46%
InsectePierroteknik
46%
InsectePlumeline (Buyo)
46%
Plante / InsectePlumeline (Flamenco)
46%
CombatPlumeline (Hula)
46%
VolRacaillou d'Alola
46%
GlaceSabelette d'Alola
46%
GlaceSablaireau d'Alola
46%
PlanteScolocendre
46%
PlanteShaymin Céleste
46%
TénèbresShifours
46%
PlanteSonistrelle
46%
Insecte / CombatTogekiss
46%
Insecte / CombatTogetic
46%
CombatArtikodin de Galar
38%
CombatAstronelle
38%
Feu / GlaceAzumarill (isograisse)
38%
PlanteBrindibou
38%
CombatColéodôme
38%
FeuCorayon
38%
PlanteCotovol
38%
PlanteDuralugon
38%
InsecteElecthor de Galar
38%
ElectrikElectrode de Hisui
38%
PoisonEmbrylex
38%
PlanteFloravol
38%
PlanteGranivol
38%
VolGrolem d'Alola
38%
PlanteKravarech
38%
Plante / Fée / InsecteMalamandre
38%
Feu / GlaceMarill (isograisse)
38%
InsecteMarshadow
38%
PoisonNidoking
38%
PoisonNidoqueen
38%
Plante / CombatNinjask
38%
Plante / CombatRapion
38%
Vol / AcierTogedemaru
38%
Plante / Fée / InsecteTritox
38%
InsecteTyphlosion de Hisui
38%
ElectrikVoltorbe de Hisui
38%
PoisonYmphect
38%
Insecte / CombatAmovénus
31%
Feu / GlaceAzurill (isograisse)
31%
TénèbresBaggaïd
31%
TénèbresBaggiguane
31%
InsecteBaudrive
31%
PlanteEfflèche
31%
InsecteGrodrive
31%
Plante / CombatMéga-Scarabrute
31%
FeuPtyranidur
31%
FeuRexillius
31%
CombatRubombelle
31%
RocheTaupiqueur d'Alola
31%
FeuTorgamord
31%
RocheTriopikeur d'Alola
31%
FeuArcanin de Hisui
23%
CombatBombydou
23%
FeuCaninos de Hisui
23%
PlanteColimucus de Hisui
23%
InsecteFarfurex
23%
CombatFlagadoss de Galar
23%
PlanteMuplodocus de Hisui
23%
CombatRoigada de Galar
23%
Insecte / CombatSmogogo de Galar
23%
FeuCharbi (ignifugé)
15%
InsecteFarfuret de Hisui
15%
CombatGuériaigle de Hisui
15%
Feu / GlaceGruikui (isograisse)
0%
Feu / GlaceOtaria (isograisse)
0%

Distribution des résultats

Percentile par nombre de réponses

% des personnes avec chaque résultat

Votre développement - résultats

Vous n’avez pas pris ce quiz